2012 Summer Olympics Medal Leaders - Statistics

General Stats
  • This quiz has been taken 110 times
  • The average score is 15 of 20
Answer Stats
Answer % Correct
United States
100%
China
99%
Russia
97%
Germany
94%
Japan
94%
France
93%
United Kingdom
92%
Australia
90%
Brazil
89%
Canada
88%
Italy
88%
South Korea
83%
Spain
83%
Netherlands
70%
New Zealand
64%
Ukraine
60%
Hungary
48%
Cuba
38%
Kazakhstan
26%
Iran
20%
No matching quizzes found
Score Distribution
Percent of People with Each Score
Percentile by Number Answered
Your Score History
You have not taken this quiz